Sampling inspection tables : single and double sampling /
Guardado en:
| Autor Principal: | |
|---|---|
| Otros Autores: | |
| Formato: | Libro |
| Idioma: | English |
| Publicado: |
New York :
Wiley,
c1959.
|
| Edición: | 2nd ed., rev. and expanded. |
| Series: | Wiley series in probability and mathematical statistics
|
| Materias: | |
| Acceso en línea: | Publisher description |
| Etiquetas: |
Agregar Etiqueta
Sin Etiquetas, Sea el primero en etiquetar este registro!
|
| LEADER | 01350cam a22002775a 4500 | ||
|---|---|---|---|
| 001 | MAT.inmabb006660 | ||
| 008 | 730305s1959####nyua##########001#0#eng## | ||
| 005 | 20120815154214.0 | ||
| 245 | 1 | 0 | |a Sampling inspection tables : |b single and double sampling / |c Harold F. Dodge and Harry G. Romig. |
| 250 | |a 2nd ed., rev. and expanded. | ||
| 260 | |a New York : |b Wiley, |c c1959. | ||
| 300 | |a xi, 224 p. : |b il. ; |c 29 cm. | ||
| 440 | 0 | |a Wiley series in probability and mathematical statistics | |
| 490 | 1 | |a A Wiley publication in applied statistics | |
| 500 | |a "The sampling inspection tables ... were developed for use in the manufacture of communication apparatus and equipment for the Bell Telephone System". | ||
| 505 | 0 | |a 1. A method of sampling inspection -- 2. Single sampling and double sampling inspection tables -- 3. Using double sampling inspection in a manufacturing plant -- 4. Operating characteristics of sampling plans. | |
| 510 | 4 | |a MR, |c 21 #7588 | |
| 020 | |a 0471217476 | ||
| 100 | 1 | |a Dodge, Harold French, |d 1893- | |
| 700 | 1 | |a Romig, Harry Gutelius, |d 1900- | |
| 650 | 0 | |a Sampling. | |
| 084 | |a 62P30 (62N05 62Q05 90B25) |2 msc2000 | ||
| 010 | |a 59006763 | ||
| 040 | |a DLC |c ODaWU |d OCoLC |d Uk |d DLC | ||
| 856 | 4 | 2 | |3 Publisher description |u http://www.loc.gov/catdir/description/wiley032/59006763.html |
| 859 | |h 62 |i D644 |p A-4224 |b BIB. MATEMATICA | ||
